000 00425nam a2200157 i 4500
001 67816
003 ES-MaACL
005 20230906170143.0
007 t|
008 040206s1970 sp ||||1| spa d
100 1 _aGallardo, José Carlos.
_953484
245 1 0 _aPiedra serena /
_cJosé Carlos Gallardo.
260 _aMadrid :
_bEditora Nacional,
_c1970.
300 _a92 p. ;
_c21 cm.
852 _aES-MaACL
_jC-39016
_bR.73618
999 _c67816
_d67816